WWE Triple Crown Winners (Men) - Statistics

General Stats
  • This quiz has been taken 253 times
  • The average score is 24 of 33
Answer Stats
Date Achieved Triple Crown Answer % Correct
April 29, 2001 Triple H
93%
March 31, 1996 Shawn Michaels
90%
November 13, 2006 Randy Orton
87%
May 20, 2001 Kane
86%
November 20, 2017 Roman Reigns
86%
April 8, 2018 Seth Rollins
85%
August 30, 1999 The Rock
85%
January 8, 2006 Edge
82%
March 29, 1998 Steve Austin
82%
July 23, 2012 The Miz
80%
October 12, 1992 Bret Hart
79%
August 20, 2017 Dean Ambrose
79%
July 23, 2006 Booker T
75%
February 15, 2004 Eddie Guerrero
75%
April 5, 2009 Rey Mysterio
75%
April 1, 2012 Big Show
74%
December 9, 2001 Chris Jericho
74%
January 19, 2009 CM Punk
74%
March 14, 2004 Chris Benoit
73%
October 20, 2002 Kurt Angle
73%
April 7, 2019 Kofi Kingston
71%
December 14, 2008 Jeff Hardy
70%
March 26, 2020 Drew McIntyre
69%
September 18, 2005 Ric Flair
69%
September 13, 2021 Big E
66%
May 1, 2011 Christian
66%
April 10, 2021 AJ Styles
65%
March 29, 2015 Daniel Bryan
64%
November 28, 1994 Diesel
63%
March 9, 2009 John Bradshaw Layfield
58%
February 15, 2011 Dolph Ziggler
56%
June 11, 2006 Rob Van Dam
55%
December 8, 1980 Pedro Morales
42%
No matching quizzes found
Score Distribution
Percent of People with Each Score
Percentile by Number Answered
Your Score History
You have not taken this quiz